Statystyki dla 20 największych miast Hiszpanii

Kliknij tutaj aby rozwiązać quiz!

Ogólne statystyki

  • Ten quiz został rozwiązany 42 razy
  • Średni wynik to 9 z 20

Statystyki odpowiedzi

LudnośćMiasto% Poprawnych
1 615 908Barcelona
100%
3 213 271Madryt
100%
699 759Sewilla
83%
810 064Walencja
83%
353 340Bilbao
76%
566 447Malaga
66%
666 129Saragossa
46%
295 703Vigo
46%
381 123Las Palmas De Grand Canaria
41%
430 571Murcja
39%
396 570Palma De Mallorca
37%
318 461Valladolid
37%
331 750Alicante
32%
236 988Granada
32%
325 453Cordoba
29%
245 164La Coruna
27%
275 699Gijon
24%
224 713Oviedo
24%
232 477Vitoria
2%
253 782L'Hospialet de Llobregat
0%

Rozkład punktacji

Percentyl według liczby udzielonych odpowiedzi

Procent ludzi z każdym wynikiem

Twoja historia wyników

Nie rozwiązałeś tego quizu